000 00487nam a2200169Ia 4500
999 _c28884
_d28884
003 OSt
005 20201224105249.0
008 190216s9999||||xx |||||||||||||| ||und||
040 _coclc
082 _a910
_bBAS/V
100 _aBasho, Matsuo
_97845
245 0 _aVidoora Vadakkilekkulla Nertha Vazhi /
_cMatsuo Basho
260 _bZorba Publications,
_aPalakkad:
_c2006.
300 _a55p
650 _aYathravivaranam
942 _cBK
_2ddc
_h910
_iBAS/V
_k910
_mBAS/V